00260nam a2200109Ia 4500008004100000041001200041100002000053245004900073250001300122260000900135650000600144221030s9999 xx 000 0 und d aEnglish aA. S. Tanenbaum 0aModern Operating systemscby A. S. Tanenbaum aJAN 2016 c2016 aB